| 000 | 00390nam a2200157Ia 4500 | ||
|---|---|---|---|
| 008 | 230917s9999||||xx |||||||||||||| ||und|| | ||
| 020 | _cPON37.5 | ||
| 040 |
_e31553 _aMAIN |
||
| 041 | _aEnglish | ||
| 082 | _a515.64 J795C | ||
| 100 | _aJost, Jurgen | ||
| 245 | 0 | _aCalculus of variations | |
| 260 |
_aCambridge _bCambridge University Press _c1998 |
||
| 300 | _axiv, 323 p. | ||
| 942 | _cBK | ||
| 999 |
_c102829 _d102829 |
||